Welcome to the Holygrace Academy Library

Please use search bar below to get started

KATHKAL (Record no. 4850)

MARC details
000 -LEADER
fixed length control field 00301nam a22001457a 4500
020 ## - INTERNATIONAL STANDARD BOOK NUMBER
ISBN 978-81-264-6406-7
082 ## - DEWEY DECIMAL CLASSIFICATION NUMBER
Classification number 834.812.3
Item number CHA/K
100 ## - MAIN ENTRY--AUTHOR NAME
Personal name CHANDRAN, SUBASH
245 ## - TITLE STATEMENT
Title KATHKAL
260 ## - PUBLICATION, DISTRIBUTION, ETC. (IMPRINT)
Place of publication KOTTAYAM
Name of publisher DC BOOKS
Year of publication 2016
300 ## - PHYSICAL DESCRIPTION
Number of Pages 367
520 ## - SUMMARY, ETC.
Summary, etc NOVEL
650 ## - SUBJECT ADDED ENTRY--TOPICAL TERM
Topical Term NOVEL
942 ## - ADDED ENTRY ELEMENTS (KOHA)
Koha item type Books
Holdings
Withdrawn status Lost status Collection code Home library Current library Shelving location Date acquired Source of acquisition Cost, normal purchase price Full call number Accession Number Koha item type
    Fiction Main Library Main Library SHELF-16- I- MALAYALAM NOVELS,FICTIONS 16/12/2019 Purchase 325.00 834.812.3 CHA/K 12303 Books